| 000 | 01229nam a22003497a 4500 | ||
|---|---|---|---|
| 001 | 000064100 | ||
| 003 | CHAP | ||
| 005 | 20220329141123.0 | ||
| 008 | 120611s2008 sp a r 00010 spa d | ||
| 010 | _a62910 | ||
| 011 | _a63882 | ||
| 020 | _a9788484763567 | ||
| 035 | _a68508 | ||
| 040 | _cCHAP | ||
| 082 | 0 | 4 |
_a631.81 _bS26 |
| 245 | 0 | 3 |
_aLa savia como índice de fertilización : _bcultivos agroenergéticos, hortícolas, frutales y ornamentales / _c/coordinador Carlos Cadahía. |
| 260 |
_aMadrid : _bMundi Prensa, _c2008. |
||
| 300 | _a256 p. | ||
| 590 |
_aBATCH-UPD _b10 _c20130110 _lUCH01 _h1749 |
||
| 590 |
_aBATCH-UPD _b10 _c20130410 _lUCH01 _h1127 |
||
| 590 |
_aBATCH-UPD _b10 _c20130914 _lUCH01 _h0910 |
||
| 590 |
_aCONVERSION _b10 _c20130109 _lUCH01 _h1334 |
||
| 590 |
_aE11695DGD _b10 _c20170617 _lUCH01 _h1011 |
||
| 650 | 0 | 4 |
_aFertilizantes _xEfecto en cultivos. _940505 |
| 650 | 0 | 4 |
_aPlantas _xFertilización. _988838 |
| 700 | 0 |
_aCadahia López, Carlos _e, coord. _917030 |
|
| 901 | _aBK | ||
| 942 | _cLIBRO | ||
| 942 | _n0 | ||
| 949 |
_a631.86 S26 _bBC _cLIBRO _d33724002335157 _eLIBRO _fc.2 _gI.c/e _h116844 _i68508 _sb _t$704.00 |
||
| 949 |
_a631.86 S26 _bBC _cLIBRO _d33724002335199 _eLIBRO _gI.c/e _h116845 _i68508 _sb _t$704.00 |
||
| 999 |
_c62910 _d62910 |
||